Statistiken für Fußball WM Teilnehmer? #2

Klicken Sie hier um das Quiz zu spielen!

Allgemein

  • Dieses Quiz wurde 123 mal gespielt
  • Das Durchschnittsergebnis liegt bei 12 aus 15

Antwortstatistiken

HintAntwort% Korrekt
UngarnJa
100%
PortugalJa
98%
SurinameNein
95%
BelizeNein
91%
UkraineJa
90%
MaltaNein
89%
UgandaNein
88%
ChinaJa
85%
PanamaJa
82%
NamibiaNein
81%
PhilippinenNein
80%
NordkoreaJa
75%
GuatemalaNein
75%
MaliNein
75%
VenezuelaNein
41%

Verteilung der Resultate

Perzentil nach korrekt beantworteten Fragen

Anzahl Personen mit jedem Resultat

Ihre Resultats-Entwicklung

Sie haben dieses Quiz noch nicht gespielt